=LDR 00000nam 2200000 4500 =001 INLIS000000000019463 =005 20240806091037 =035 ##$$a 0010-061300000019463 =008 240806################g##########0#ind## =041 ##$$a Ind =082 ##$$a R. 540.1 =090 ##$$a 540.1, Sar k =100 ##$$a Sarjoni Basri =245 1#$$a Kamus kimia /$c Ir. Sarjoni Basri =260 ##$$a Jakarta :$b Rineka Cipta,$c 2003 =300 ##$$a vi, 347 hlm. ; $c 20 x 14 cm. =650 #4$$a Kimia - Kamus =850 ##$$a NBPNMAT =020 ##$$a 979-518-642-6 =084 ##$$a R. 540.1 SAR k =250 ##$$a Cet. 2 =990 ##$$a 1200603388 =990 ##$$a 1200603389 =990 ##$$a 1200603390 =990 ##$$a 1200603391 =990 ##$$a 1200603392 =990 ##$$a 20609413 =990 ##$$a 1200603388 =990 ##$$a 1200603389 =990 ##$$a 1200603390 =990 ##$$a 1200603391 =990 ##$$a 10606650 =990 ##$$a 1200603388 =990 ##$$a 1200603389 =990 ##$$a 1200603390 =990 ##$$a 20609413 =990 ##$$a 10606651 =990 ##$$a 1200603388 =990 ##$$a 1200603389 =990 ##$$a 10606650 =990 ##$$a 20609413 =990 ##$$a 10606651 =990 ##$$a 1200603388 =990 ##$$a 1200603389 =990 ##$$a 10606650 =990 ##$$a 20609413 =990 ##$$a 10606653 =990 ##$$a 1200603388 =990 ##$$a 10606651 =990 ##$$a 10606650 =990 ##$$a 20609413 =990 ##$$a 20609415 =990 ##$$a 10606653 =990 ##$$a 10606651 =990 ##$$a 10606650 =990 ##$$a 20609413